000 00499nam a22001817a 4500
005 20140422103155.0
010 _aENG-109316
020 _a9789350450420
_c200.00
035 _aEN-92849
037 _bDBAD/PUB
082 _a881
100 _aBhattacharyya, Anuradha
245 _aKnots /
_cby Anuradha Bhattacharyya
260 _aKolkata
_bWriters Workshop
_c2012
270 _a162/92 Lake Gardens
_bKolkata
_e700045
300 _a75p.
_c22cm(Hb)
942 _2ddc
_cEN
_mBHA
_h881
999 _c82552
_d82552